Машины для сооружения оросительных систем

Podrobná bibliografie
Další autoři: Гарбузов З. Е. (редактор)
Jazyk:ruština
Vydáno: Москва, Машгиз, 1951
Témata:
Médium: MixedMaterials Kniha
KOHA link:https://koha.lib.tpu.ru/cgi-bin/koha/opac-detail.pl?biblionumber=91814

MARC

LEADER 00000nam0a2200000 4500
001 91814
005 20231031104309.0
035 |a (RuTPU)RU\TPU\book\98404 
090 |a 91814 
100 |a 20060302d1951 m y0rusy50 ca 
101 0 |a rus 
102 |a RU 
105 |a a z 000zy 
200 1 |a Машины для сооружения оросительных систем  |f под ред. З. Е. Гарбузова 
210 |a Москва  |c Машгиз  |d 1951 
215 |a 238 с.  |c ил. 
610 1 |a оросительные системы 
610 1 |a машины 
610 1 |a сооружения 
610 1 |a земляные работы 
610 1 |a экскаваторы 
610 1 |a бульдозеры 
610 1 |a грейдеры 
610 1 |a землеройные машины 
702 1 |a Гарбузов  |b З. Е.  |4 340 
801 1 |a RU  |b 63413507  |c 20060302  |g PSBO 
801 2 |a RU  |b 63413507  |c 20060314  |g PSBO 
942 |c BK